10 meist abonniertesten Gaming-Youtuber aus Deutschland - Statistiken

Allgemein
  • Dieses Quiz wurde 78 mal gespielt
  • Das Durchschnittsergebnis liegt bei 4 aus 10
Antwortstatistiken
Platzierung Abonnenten Antwort % Korrekt
1 5,66mio Paluten
92%
2 5,02mio Gronkh
86%
4 3,75mio GermanLetsPlay
63%
8 2,87mio HandOfBlood
31%
6 3,20mio Felix von der Laden
27%
3 4,06mio iCrimax
24%
5 3,61mio Standart Skill
17%
7 3,13mio AviveHD
10%
9 2,82mio Spontanablack
6%
10 2,79mio Arazhul
4%
Keine übereinstimmenden Quizze gefunden
Verteilung der Resultate
Anzahl Personen mit jedem Resultat
Perzentil nach korrekt beantworteten Fragen
Ihre Resultats-Entwicklung
Sie haben dieses Quiz noch nicht gespielt